000 004460000a22001810004500
003 MACL
005 20160130142618.0
008 160130b xxu||||| |||| 00| 0 eng d
040 _aMACL
_cMACL
041 _aEnglish
082 _a823/LAH
100 _aLahiri, Jhumpa
_910948
245 _aInterpreterof maladies
260 _bHarper Collins Publishing
_c1999
_aLondon
350 _a195
650 _aStories
_936125
942 _cBK
_k823/lah
_2ddc
999 _c31778
_d31778